| 000 | 00959nam a2200229 a 4500 | ||
|---|---|---|---|
| 001 | 000048040 | ||
| 005 | 20201002060900.0 | ||
| 008 | 181109s2018 dr 000 0 spa d | ||
| 020 | _a9789945503203 | ||
| 040 |
_aDO-SdBNP _bspa _cBNPHU |
||
| 082 | _axxxx | ||
| 100 | 1 |
_aMorales Santos, Francisco, _d1940- _975544 |
|
| 245 | 1 | 0 |
_aMis manos son tu superficie : _bantología de narrativa guatemalteca / _cselección y notas de Francisco Morales Santos ; Palabras preliminares Pedro Vergés ; Presentación Francisco Morales Santos. |
| 260 |
_aSanto Domingo : _bNacional, _c2018. |
||
| 300 | _a449 p. | ||
| 490 | 1 |
_aHomenaje _aNarrativa _v7 |
|
| 500 | _aIncluye datos biográficos del autor en la solapa de la cubierta | ||
| 505 | 0 |
_aPeríodo de La Colonia -- _tPeríodo independiente y siglo XIX -- _tSiglos XX y XXI. |
|
| 590 | _aInventariado, 2018/LP | ||
| 700 | 1 |
_aMorales Santos, Francisco, _epresentación _975545 |
|
| 830 | 0 |
_aHomenaje _pNarrativa _v7 _975546 |
|
| 999 |
_c47528 _d47528 |
||